00837nam a22002177a 4500003000500000005001700005008004100022010001100063011001100074035001100085040000900096100003400105245013700139260004000276500006000316502008500376650002700461650003900488650002800527856006400555CHAP20220329143826.0111014s2011 mx r 00010 spa d a102385 a103357 a114046 cCHAP1 aRomero Velazquez, Siul Dennis10aHongos causantes de enfermedades postcosecha en chayote (Sechium edule (Jasq.) Sw.)h[En línea]c/por Siul Dennis Romero Velazquez aChapingo, Méx. :bEl autor,c2011 aPara ver el contenido del material haga clic en la liga aTesis (Ing. Agroindustrial) -- UACH. Departamento de Ingeniería Agroindustrial14aChayotexEnfermedades.14aChayotexTecnología postcosecha.14aHongos fitopatógenos. 3Finding aiduhttp://10.13.5.2/tesis/114046.pdfzTeclea aqui